LEADER 01009nam0-2200361---450- 001 990000671320203316 005 20060127112326.0 010 $a88-221-2867-2 035 $a0067132 035 $aUSA010067132 035 $a(ALEPH)000067132USA01 035 $a0067132 100 $a20011012d1998----y0itay01 ba 101 $aita 102 $aIT 105 $a00||| 200 1 $aGente semplice$fDanilo Dolci 210 $aScandicci$cLa nuova Italia$d1998 215 $aXVII, 153 p.$d21 cm 676 $a853.914$v20 700 1$aDOLCI,$bDanilo$032100 912 $a990000671320203316 951 $aIRA 10 71$b28148 G.$cIRA 10$d00070326 951 $aVI.3.A. 1662(V A 1271)$bL.M.$cV A 959 $aBK 969 $aGIU 979 $aCHIARA$b40$c20011012$lUSA01$h1836 979 $aCHIARA$b40$c20011012$lUSA01$h1854 979 $c20020403$lUSA01$h1716 979 $aPATRY$b90$c20040406$lUSA01$h1646 979 $aCOPAT1$b90$c20060127$lUSA01$h1123 996 $aGente semplice$9960727 997 $aUNISA